[Event "Bosnjaci op 19th"]
[Site "Bosnjaci"]
[Date "2014.01.09"]
[Round "9"]
[White "Lazor, Vladimir"]
[Black "Perisic, Robert"]
[Result "1/2-1/2"]
[WhiteElo "2194"]
[BlackElo "2064"]
[PlyCount "71"]
[EventDate "2014.01.03"]
[EventType "swiss"]
[EventRounds "9"]
[EventCountry "CRO"]
[SourceTitle "CBM 158 Extra"]
[Source "ChessBase"]
[SourceDate "2014.02.28"]
[SourceVersion "1"]
[SourceVersionDate "2014.02.28"]
[SourceQuality "1"]

1. e4 c6 2. d4 d5 3. exd5 cxd5 4. c4 Nf6 5. Nc3 e6 6. Nf3 Be7 7. Bd3 0-0 8. 0-0 a6 9. a3 dxc4 10. Bxc4 b5 11. Bb3 Bb7 12. Bg5 h6 13. Bh4 Nbd7 14. Qe2 Nb6 15. Rfd1 Nfd5 16. Bxe7 Qxe7 17. Nxd5 Bxd5 18. Bc2 Rac8 19. Rac1 Rc7 20. Be4 Rfc8 21. Rxc7 Qxc7 22. Bxd5 Nxd5 23. g3 Qc2 24. Rd2 Qb1+ 25. Rd1 Rc2 26. Rxb1 Rxe2 27. Kf1 Rc2 28. Ne1 Rd2 29. Nf3 Rc2 30. Ne1 Rc4 31. Nf3 b4 32. axb4 Rxb4 33. Ra1 Nc7 34. Rc1 Nb5 35. Rc8+ Kh7 36. Ra8 1/2-1/2

[Event "Bosnjaci op 19th"]
[Site "Bosnjaci"]
[Date "2014.01.04"]
[Round "2"]
[White "Perisic, Robert"]
[Black "Plenkovic, Zdenko"]
[Result "0-1"]
[WhiteElo "2064"]
[BlackElo "2404"]
[PlyCount "72"]
[EventDate "2014.01.03"]
[EventType "swiss"]
[EventRounds "9"]
[EventCountry "CRO"]
[SourceTitle "CBM 158 Extra"]
[Source "ChessBase"]
[SourceDate "2014.02.28"]
[SourceVersion "1"]
[SourceVersionDate "2014.02.28"]
[SourceQuality "1"]

1. d4 Nf6 2. Nf3 g6 3. g3 Bg7 4. Bg2 0-0 5. 0-0 d5 6. c4 dxc4 7. Qc2 Nc6 8. Qxc4 Be6 9. Qa4 Nd7 10. e3 Nb6 11. Qd1 Qc8 12. Nc3 Rd8 13. Ng5 Bc4 14. Re1 h6 15. Bh3 Qb8 16. Nf3 e5 17. b3 exd4 18. exd4 Bd5 19. Nxd5 Rxd5 20. Be3 Qf8 21. Bg2 Rdd8 22. Qd2 a5 23. a4 Nd5 24. Rad1 Ncb4 25. Qc1 c6 26. h4 Nxe3 27. fxe3 Qd6 28. Kh2 Ra6 29. Ne5 Qe7 30. Bf1 Bxe5 31. dxe5 Raa8 32. e6 Qxe6 33. Bc4 Qe5 34. Rf1 Nd5 35. e4 Nf6 36. Qxh6 Ng4+ 0-1

[Event "Bosnjaci op 18th"]
[Site "Bosnjaci"]
[Date "2013.01.07"]
[Round "7"]
[White "Perisic, Robert"]
[Black "Burovic, Rijad"]
[Result "0-1"]
[WhiteElo "2099"]
[BlackElo "1841"]
[PlyCount "52"]
[EventDate "2013.01.03"]
[EventType "swiss"]
[EventRounds "9"]
[EventCountry "CRO"]
[SourceTitle "CBM 152 Extra"]
[Source "ChessBase"]
[SourceDate "2013.02.25"]
[SourceVersion "1"]
[SourceVersionDate "2013.02.25"]
[SourceQuality "1"]

1. d4 Nf6 2. c4 g6 3. Nc3 Bg7 4. e4 d6 5. Be2 0-0 6. Nf3 Nbd7 7. 0-0 e5 8. dxe5 dxe5 9. Bg5 h6 10. Bh4 c6 11. Qc2 Qe7 12. Rfd1 g5 13. Bg3 Nh5 14. Rd2 Nf4 15. Bxf4 exf4 16. Nd4 Ne5 17. Nf5 Bxf5 18. exf5 g4 19. Bf1 Qh4 20. Ne4 Kh8 21. Rd6 Rg8 22. Kh1 Rae8 23. Rad1 g3 24. h3 Ng4 25. fxg3 fxg3 26. R1d2 Rxe4 0-1

[Event "Bosnjaci op 18th"]
[Site "Bosnjaci"]
[Date "2013.01.05"]
[Round "4"]
[White "Plenkovic, Zdenko"]
[Black "Perisic, Robert"]
[Result "1-0"]
[WhiteElo "2380"]
[BlackElo "2099"]
[PlyCount "89"]
[EventDate "2013.01.03"]
[EventType "swiss"]
[EventRounds "9"]
[EventCountry "CRO"]
[SourceTitle "CBM 152 Extra"]
[Source "ChessBase"]
[SourceDate "2013.02.25"]
[SourceVersion "1"]
[SourceVersionDate "2013.02.25"]
[SourceQuality "1"]

1. e4 c6 2. Nc3 d5 3. Nf3 Bg4 4. h3 Bxf3 5. Qxf3 e6 6. d3 Bd6 7. g3 Nd7 8. Bg2 Ngf6 9. 0-0 0-0 10. Qe2 d4 11. Nb1 c5 12. f4 e5 13. f5 Rc8 14. a4 c4 15. dxc4 Qb6 16. Kh2 Qc6 17. Nd2 Bb4 18. b3 Nc5 19. Ba3 Bxa3 20. Rxa3 Rfd8 21. b4 Ncd7 22. a5 Ne8 23. Re1 Nd6 24. Bf1 b6 25. g4 bxa5 26. Rxa5 Rb8 27. c5 Ne8 28. Ra6 Qc7 29. Qc4 Ra8 30. Rea1 Nb8 31. R6a4 Qe7 32. Nf3 Nf6 33. Bd3 Nd5 34. exd5 e4 35. Re1 Qd7 36. Rxe4 Qxa4 37. c6 Rc8 38. b5 Qa3 39. Qxd4 Qd6+ 40. Qe5 Qc5 41. Nd4 h6 42. d6 Nd7 43. cxd7 Qxe5+ 44. Rxe5 Rd8 45. Re7 1-0

[Event "Djakovo vezovi op-A"]
[Site "Djakovo"]
[Date "2011.06.10"]
[Round "3"]
[White "Ascic, Pero"]
[Black "Perisic, Robert"]
[Result "1/2-1/2"]
[WhiteElo "2303"]
[BlackElo "2096"]
[PlyCount "67"]
[EventDate "2011.06.09"]
[EventType "swiss"]
[EventRounds "5"]
[EventCountry "CRO"]
[SourceTitle "CBM 143 Extra"]
[Source "ChessBase"]
[SourceDate "2011.08.29"]
[SourceVersion "1"]
[SourceVersionDate "2011.08.29"]
[SourceQuality "1"]

1. c4 c6 2. Nf3 d5 3. d4 e6 4. Nc3 Bd6 5. Qc2 f5 6. Bg5 Nf6 7. Bxf6 Qxf6 8. cxd5 0-0 9. dxe6 Bxe6 10. e3 Nd7 11. g3 Nb6 12. Bg2 Bc4 13. Nd2 Ba6 14. Bf1 Bxf1 15. Kxf1 Kh8 16. Kg2 Rae8 17. h4 Qg6 18. h5 Qe6 19. Nf3 Nd7 20. Qb3 Qe7 21. Nh4 Qe6 22. Rh3 Rf6 23. Qxb7 Rb8 24. Qxc6 Rxb2 25. Qf3 Nb6 26. a4 Rc2 27. a5 Nc4 28. Nd1 Nd2 29. Qa8+ Rf8 30. Qb7 Rb8 31. Qa6 Qe4+ 32. Kg1 Be7 33. Ng2 Rbc8 34. Ne1 1/2-1/2

[Event "Djakovo vezovi op-A"]
[Site "Djakovo"]
[Date "2011.06.09"]
[Round "1"]
[White "Perisic, Robert"]
[Black "Vargic, Drago"]
[Result "1-0"]
[WhiteElo "2096"]
[BlackElo "2357"]
[PlyCount "91"]
[EventDate "2011.06.09"]
[EventType "swiss"]
[EventRounds "5"]
[EventCountry "CRO"]
[SourceTitle "CBM 143 Extra"]
[Source "ChessBase"]
[SourceDate "2011.08.29"]
[SourceVersion "1"]
[SourceVersionDate "2011.08.29"]
[SourceQuality "1"]

1. d4 e6 2. Bf4 c5 3. e3 Qb6 4. b3 Nc6 5. Nf3 Nf6 6. Be2 Nd5 7. dxc5 Bxc5 8. 0-0 Nxf4 9. exf4 0-0 10. c4 a6 11. Nc3 Qc7 12. Ne4 Ba3 13. g3 b6 14. Qd2 f5 15. Nc3 Bb7 16. Rad1 Rad8 17. Ne1 Bc5 18. Na4 Nd4 19. Nxc5 bxc5 20. Nc2 Nf3+ 21. Bxf3 Bxf3 22. Rde1 d5 23. Qc3 Be4 24. f3 d4 25. Qd2 Bxc2 26. Qxc2 Rfe8 27. Re5 g5 28. Rfe1 gxf4 29. gxf4 d3 30. Qd2 Kf7 31. Qe3 Rd4 32. Rxf5+ Kg7 33. Rg5+ Kf6 34. Re5 Qd6 35. f5 Qf8 36. Rxe6+ Rxe6 37. Qxe6+ Kg5 38. Kf2 d2 39. Rg1+ Kh5 40. Rd1 Rd6 41. Qe3 Qd8 42. Ke2 Qf6 43. Rxd2 Rxd2+ 44. Qxd2 Qe5+ 45. Kf1 Kh4 46. Qh6# 1-0

[Event "Bizovac Metalis op 15th"]
[Site "Bizovac"]
[Date "2008.02.23"]
[Round "6"]
[White "Sertic, Rudolf"]
[Black "Perisic, Robert"]
[Result "1-0"]
[WhiteElo "2355"]
[BlackElo "2096"]
[PlyCount "107"]
[EventDate "2008.02.21"]
[EventType "swiss"]
[EventRounds "7"]
[EventCountry "CRO"]
[SourceTitle "CBM 122 Extra"]
[Source "ChessBase"]
[SourceDate "2008.03.04"]
[SourceVersion "1"]
[SourceVersionDate "2008.03.04"]
[SourceQuality "1"]

1. c4 e5 2. Nc3 Nf6 3. g3 d5 4. cxd5 Nxd5 5. Bg2 Be6 6. Nf3 Nc6 7. d3 Be7 8. 0-0 0-0 9. Bd2 h6 10. Rc1 Qd7 11. Re1 Rad8 12. a3 Nxc3 13. Bxc3 f6 14. Nh4 Bd5 15. Bxd5+ Qxd5 16. e4 Qf7 17. b4 Rd7 18. f4 Rfd8 19. Re3 a5 20. Rb1 axb4 21. axb4 Qc4 22. dxc4 Rxd1+ 23. Re1 Rxe1+ 24. Bxe1 Rd4 25. b5 Nd8 26. Nf5 Rd7 27. Nxe7+ Rxe7 28. Rd1 Nf7 29. Bb4 Re8 30. Rd7 Rc8 31. h4 exf4 32. gxf4 Nd6 33. Bxd6 cxd6 34. Kf2 Rxc4 35. Ke3 Rc3+ 36. Kd4 Rh3 37. Rxb7 Rxh4 38. b6 Rh1 39. Rc7 Rb1 40. b7 Kh7 41. Kd5 h5 42. Kxd6 h4 43. e5 fxe5 44. fxe5 h3 45. Rc3 Rxb7 46. Rxh3+ Kg8 47. Rc3 Rb6+ 48. Rc6 Rb1 49. Rc8+ Kf7 50. e6+ Kf6 51. Rf8+ Kg6 52. e7 Rd1+ 53. Kc5 Rc1+ 54. Kd4 1-0

[Event "Bizovac Metalis op 15th"]
[Site "Bizovac"]
[Date "2008.02.21"]
[Round "2"]
[White "Perisic, Robert"]
[Black "Bender, Ivan"]
[Result "0-1"]
[WhiteElo "2096"]
[BlackElo "2327"]
[PlyCount "96"]
[EventDate "2008.02.21"]
[EventType "swiss"]
[EventRounds "7"]
[EventCountry "CRO"]
[SourceTitle "CBM 122 Extra"]
[Source "ChessBase"]
[SourceDate "2008.03.04"]
[SourceVersion "1"]
[SourceVersionDate "2008.03.04"]
[SourceQuality "1"]

1. d4 Nf6 2. Nf3 e6 3. c4 b6 4. g3 Ba6 5. Qc2 d5 6. cxd5 Nxd5 7. Bg2 Be7 8. 0-0 0-0 9. Nc3 Bb7 10. Nxd5 Bxd5 11. Bf4 Nc6 12. e4 Nb4 13. Qe2 Bb7 14. Rfd1 Ba6 15. Qd2 c5 16. d5 exd5 17. exd5 Nd3 18. Ne5 Nxf4 19. gxf4 Bd6 20. Rac1 Qh4 21. Rc3 Bc8 22. Qe3 f6 23. Nd3 Bf5 24. Qg3 Qh6 25. Re1 Rfe8 26. Rcc1 Rxe1+ 27. Rxe1 c4 28. Ne5 fxe5 29. fxe5 Re8 30. f4 Be7 31. Rd1 Qh4 32. Qxh4 Bxh4 33. d6 Be6 34. Be4 g6 35. Kg2 Kf7 36. Kf3 Rc8 37. Rc1 Ke8 38. Ke3 Kd7 39. Kd4 b5 40. Ke3 a5 41. a3 Bd8 42. Rc2 Bb6+ 43. Kf3 Rc5 44. Kg3 Bd5 45. Re2 Bxe4 46. Rxe4 Ke6 47. Rd4 Rxe5 48. d7 Rd5 0-1

[Event "Djakovo op-B"]
[Site "Djakovo"]
[Date "2006.05.05"]
[Round "8"]
[White "Perisic, Robert"]
[Black "Kroo, Ivica"]
[Result "0-1"]
[WhiteElo "2184"]
[BlackElo "1866"]
[PlyCount "116"]
[EventDate "2006.04.30"]
[EventType "swiss"]
[EventRounds "9"]
[EventCountry "CRO"]
[SourceTitle "CBM 112 Extra"]
[Source "ChessBase"]
[SourceDate "2006.07.14"]
[SourceVersion "1"]
[SourceVersionDate "2006.07.14"]
[SourceQuality "1"]

1. d4 Nf6 2. Nf3 d6 3. c4 Nbd7 4. Nc3 g6 5. e4 Bg7 6. Be2 0-0 7. 0-0 e5 8. dxe5 dxe5 9. Bg5 c6 10. Qd2 Qe7 11. Rfd1 Re8 12. Qd6 Bf8 13. Qxe7 Bxe7 14. Rd2 Kg7 15. Rad1 h6 16. Bxf6+ Nxf6 17. Nxe5 Bb4 18. f4 Bxc3 19. bxc3 Nxe4 20. Rd8 Be6 21. Rxa8 Rxa8 22. Bg4 Nxc3 23. Rd2 Ne4 24. Rd4 Bxg4 25. Nxg4 Nf6 26. Ne5 Re8 27. h4 h5 28. Kf2 Re7 29. Kf3 c5 30. Rd8 Rc7 31. a4 b6 32. Rd6 Ne8 33. Rd7 Rxd7 34. Nxd7 Nd6 35. a5 bxa5 36. Nxc5 Nxc4 37. g4 hxg4+ 38. Kxg4 Nb2 39. f5 a4 40. Ne4 Nd1 41. f6+ Kg8 42. h5 gxh5+ 43. Kxh5 a3 44. Nc5 Ne3 45. Nb3 Nc2 46. Nc1 Nb4 47. Nb3 a2 48. Na1 Nd3 49. Kg5 Kh7 50. Kf5 a5 51. Ke4 Nc5+ 52. Kd5 Nd7 53. Kc6 Nxf6 54. Kb5 Ne4 55. Kxa5 f5 56. Kb4 f4 57. Kb3 f3 58. Kb2 f2 0-1

[Event "Djakovo op-B"]
[Site "Djakovo"]
[Date "2005.05.06"]
[Round "8"]
[White "Perisic, Robert"]
[Black "Iveljic, Igor"]
[Result "1-0"]
[WhiteElo "2161"]
[BlackElo "2211"]
[PlyCount "97"]
[EventDate "2005.05.01"]
[EventType "swiss"]
[EventRounds "9"]
[EventCountry "CRO"]
[SourceTitle "CBM 106 Extra"]
[Source "ChessBase"]
[SourceDate "2005.07.01"]
[SourceVersion "1"]
[SourceVersionDate "2005.07.01"]
[SourceQuality "1"]

1. d4 Nf6 2. c4 g6 3. Nc3 Bg7 4. e4 d6 5. Nf3 0-0 6. Be2 e5 7. dxe5 dxe5 8. Qxd8 Rxd8 9. Bg5 c6 10. 0-0 h6 11. Bh4 Re8 12. Rfd1 Na6 13. Rd6 g5 14. Bg3 Nc5 15. Nd2 a5 16. f3 Be6 17. Nb3 Bf8 18. Rd2 Nfd7 19. Nxc5 Bxc5+ 20. Bf2 Kf8 21. Rad1 Bxf2+ 22. Kxf2 Nc5 23. h4 Ke7 24. hxg5 hxg5 25. Rh1 Rad8 26. Rhd1 Bd7 27. Rh1 Ne6 28. Rh5 Rh8 29. Rxh8 Rxh8 30. Na4 Nd4 31. Nc5 b6 32. Na4 Rb8 33. Rd1 c5 34. Nc3 Be6 35. Rc1 Kf6 36. b3 Rd8 37. Rh1 Kg7 38. g4 Rd6 39. Rh5 f6 40. Nd5 Bxd5 41. exd5 Rd8 42. Bd3 Rh8 43. Rxh8 Kxh8 44. d6 Kg7 45. d7 Ne6 46. Ke3 Kf7 47. Bf5 Nd8 48. Ke4 Ke7 49. Kd5 1-0

[Event "Bosnjaci op-B"]
[Site "Bosnjaci"]
[Date "2005.01.??"]
[Round "6"]
[White "Perisic, Robert"]
[Black "Grbac, Boris"]
[Result "1/2-1/2"]
[WhiteElo "2138"]
[BlackElo "2227"]
[PlyCount "74"]
[EventDate "2005.01.??"]
[EventType "swiss"]
[EventRounds "9"]
[EventCountry "CRO"]
[SourceTitle "CBM 104 Extra"]
[Source "ChessBase"]
[SourceDate "2005.03.01"]
[SourceVersion "1"]
[SourceVersionDate "2005.03.01"]
[SourceQuality "1"]

1. d4 Nf6 2. Nf3 g6 3. c4 Bg7 4. Nc3 0-0 5. e4 d6 6. Be2 Nbd7 7. 0-0 e5 8. dxe5 dxe5 9. Bg5 c6 10. Qd6 Re8 11. Rfd1 Qb6 12. Qd2 Ng4 13. Bf1 h6 14. h3 hxg5 15. hxg4 Nf6 16. c5 Qxc5 17. Rac1 Qe7 18. Qxg5 Bxg4 19. Rd3 Bxf3 20. Rxf3 Rad8 21. Bc4 Rd6 22. Qxg6 Nd5 23. Qg4 Rg6 24. Qf5 Rg5 25. Qxf7+ Qxf7 26. Rxf7 Kxf7 27. exd5 cxd5 28. Ne4 dxc4 29. Nxg5+ Kg6 30. Ne4 b5 31. Rd1 Re6 32. Rd5 a6 33. a4 Rb6 34. axb5 axb5 35. Nd6 e4 36. Nxb5 Bxb2 37. Rc5 Bg7 1/2-1/2

[Event "Bosnjaci op-B"]
[Site "Bosnjaci"]
[Date "2005.01.??"]
[Round "5"]
[White "Tarakcija, Hazim"]
[Black "Perisic, Robert"]
[Result "1/2-1/2"]
[WhiteElo "2252"]
[BlackElo "2138"]
[PlyCount "67"]
[EventDate "2005.01.??"]
[EventType "swiss"]
[EventRounds "9"]
[EventCountry "CRO"]
[SourceTitle "CBM 104 Extra"]
[Source "ChessBase"]
[SourceDate "2005.03.01"]
[SourceVersion "1"]
[SourceVersionDate "2005.03.01"]
[SourceQuality "1"]

1. Nf3 d5 2. d4 c6 3. c4 Bf5 4. Nc3 e6 5. Qb3 Qb6 6. c5 Qxb3 7. axb3 Nd7 8. b4 Ngf6 9. Bf4 Be7 10. h3 0-0 11. e3 a6 12. Nd2 Rac8 13. Nb3 Bd8 14. Na5 Bxa5 15. bxa5 Ne8 16. Na4 f6 17. Nb6 Nxb6 18. axb6 Rf7 19. Bh2 Re7 20. f4 Be4 21. Rg1 f5 22. Bg3 Nf6 23. Bh4 Rf7 24. Be2 g6 25. Kd2 Nd7 26. g4 Nb8 27. b4 Kg7 28. Bg3 Rcf8 29. g5 Rh8 30. h4 h5 31. Rgc1 Rc8 32. Be1 Kf8 33. Kd1 Rd7 34. Ra3 1/2-1/2

[Event "Bosnjaci op-B"]
[Site "Bosnjaci"]
[Date "2004.??.??"]
[Round "5"]
[White "Perisic, Robert"]
[Black "Ciganovic, Nikola"]
[Result "1/2-1/2"]
[WhiteElo "2138"]
[BlackElo "2168"]
[PlyCount "35"]
[EventDate "2004.01.??"]
[EventType "swiss"]
[EventRounds "9"]
[EventCountry "CRO"]
[SourceTitle "EXT 2005"]
[Source "ChessBase"]
[SourceDate "2004.11.15"]
[SourceVersion "1"]
[SourceVersionDate "2004.11.15"]
[SourceQuality "1"]

1. d4 Nf6 2. c4 c5 3. d5 e6 4. Nc3 exd5 5. cxd5 d6 6. Nf3 g6 7. e4 Bg7 8. Be2 0-0 9. 0-0 Bg4 10. Nd2 Bxe2 11. Qxe2 Re8 12. a4 Na6 13. Nc4 Nc7 14. Qf3 Nd7 15. Bf4 Ne5 16. Nxe5 Bxe5 17. Bxe5 Rxe5 18. Qg3 1/2-1/2

[Event "NATO-ch 10th"]
[Site "Stetten"]
[Date "1999.09.16"]
[Round "5.29"]
[White "Perisic, Robert"]
[Black "McInnes, Neil"]
[Result "0-1"]
[WhiteElo "1800"]
[BlackElo "1887"]
[PlyCount "41"]
[EventDate "1999.09.13"]
[EventType "swiss"]
[EventRounds "7"]
[EventCountry "GER"]
[SourceTitle "EXT 2008"]
[Source "ChessBase"]
[SourceDate "2007.11.25"]
[SourceVersion "1"]
[SourceVersionDate "2007.11.25"]
[SourceQuality "1"]

1. d4 d6 2. Nf3 g6 3. e4 Nf6 4. Bd3 Bg4 5. Nbd2 Bg7 6. h3 Bxf3 7. Nxf3 0-0 8. 0-0 Nc6 9. c3 e5 10. d5 Ne7 11. Be3 a6 12. Qd2 Nxe4 13. Bxe4 f5 14. Bxf5 gxf5 15. Ng5 f4 16. Qd3 Rf5 17. g4 Rxg5 18. Bd2 Qd7 19. c4 Rxg4+ 20. hxg4 Qxg4+ 21. Kh2 0-1

[Event "NATO-ch 10th"]
[Site "Stetten"]
[Date "1999.09.13"]
[Round "1.21"]
[White "Perisic, Robert"]
[Black "Heidel, Andre Nicolas"]
[Result "1/2-1/2"]
[WhiteElo "1800"]
[BlackElo "2101"]
[PlyCount "112"]
[EventDate "1999.09.13"]
[EventType "swiss"]
[EventRounds "7"]
[EventCountry "GER"]
[SourceTitle "EXT 2008"]
[Source "ChessBase"]
[SourceDate "2007.11.25"]
[SourceVersion "1"]
[SourceVersionDate "2007.11.25"]
[SourceQuality "1"]

1. d4 Nf6 2. e3 g6 3. Nf3 Bg7 4. c4 0-0 5. Bd3 d5 6. Qb3 c5 7. cxd5 Nxd5 8. Bc4 Nb6 9. dxc5 Nxc4 10. Qxc4 Na6 11. 0-0 Be6 12. Qc2 Rc8 13. Bd2 Nxc5 14. Bc3 Bf5 15. Qd2 Qb6 16. Bxg7 Kxg7 17. Qd4+ Kg8 18. b4 Nd3 19. Qxb6 axb6 20. a3 Rfd8 21. Nbd2 Rc2 22. Nb3 e5 23. h3 Be6 24. Nc1 Nxc1 25. Rfxc1 Rxc1+ 26. Rxc1 f6 27. Rc3 Rd1+ 28. Kh2 Bd5 29. Kg3 Bc6 30. b5 Bxb5 31. Rc8+ Kf7 32. Rc7+ Rd7 33. Rxd7+ Bxd7 34. Nd2 Bb5 35. e4 Ke6 36. f4 Kd6 37. Kf3 Kc5 38. fxe5 fxe5 39. Ke3 Kd6 40. g4 Ba6 41. h4 b5 42. Nf3 h6 43. g5 h5 44. Kd2 b6 45. Kc3 Bb7 46. Nd2 Kc5 47. Nb3+ Kc6 48. Kd3 Bc8 49. Nd2 Bg4 50. Ke3 Kc5 51. Nb3+ Kc4 52. Nc1 Kc5 53. Nd3+ Kd6 54. Nb4 Be6 55. Kd3 Bc4+ 56. Kc3 Kc5 1/2-1/2